000 00773cam a2200253 i 4500
001 3625207
003 ARRUPE
005 20151022093929.0
008 741211s1974 nyu b 000 0 eng
010 _a 74079400
020 _c$1.95
040 _aDLC
_cDLC
_dDLC
050 0 0 _aPR5132
_b.B5 1974
082 0 0 _a824/.8
100 1 _aPater, Walter,
_d1839-1894.
_920392
245 1 0 _aSelected writings of Walter Pater /
_cedited with an introd. and notes by Harold Bloom.
260 _aNew York :
_bNew American Library,
_c1974.
300 _axxxvi, 266 p. ;
_c18 cm.
490 0 _aA Signet classic
504 _aBibliography: p. xxxv-xxxvi.
700 _aBloom, Harold
_eed.
_920455
906 _a7
_bcbc
_corignew
_d2
_eopcn
_f19
_gy-gencatlg
942 _2lcc
_cMONOGRAPH
999 _c123564
_d123564